000 00914nam a2200265 a 4500
999 _c7647
_d7647
001 010024083
003 UkOxU
005 20170721101014.0
008 500101s1988 enk 001 0 eng d
015 _aGB-8829687
020 _a0131956116
035 _aCURL 990131956116(Bnb)
040 _addc
_beng
_cddc
_dddc
043 _ae-uk---
050 0 _aRT81.G7
082 _a610.73
_219
092 _aD0000033129
100 1 _aBurrell, T. W.
_q(Tom W),
_d1923-
245 1 0 _aCurriculum design and development :
_ba practical manual for nurse educators /
_cT.W. Burrell in association with Sheila M. Astbury and Peter M. MacKay
260 _aNew York ;
_aLondon :
_bPrentice-Hall International,
_c1988
300 _ax, 181 p. ;
_c23 cm
650 0 _aCurriculum planning
_zGreat Britain
650 0 _aNursing
_xStudy and teaching
_zGreat Britain
700 1 _aAstbury, Sheila M.
700 1 _aMacKay, Peter M.
942 _2ddc
_cBK